Desarrollo de un catl̀ogo de competencias para el personal directivo pb︢lico espaǫl

Detalles Bibliográficos
Autor principal: Castaǫ Přez, Ana Mara̕
Formato: eBook
Lenguaje:español
Publicado: Madrid: Instituto Nacional de Administracin̤ Pb︢lica (INAP), 2021
Materias:
Acceso en línea:Acceso restringido

MARC

LEADER 00000nam a22000007a 4500
005 2021122200270.0
007 cr|||| |||
008 211222s2021 es |||||s|||| 00||0 spa d
020 |a 978-84-7351-728-7 
035 |a 35517 
040 |a vLex 
090 |c 12773  |d 12773 
100 1 |a Castaǫ Přez, Ana Mara̕ 
245 1 0 |a Desarrollo de un catl̀ogo de competencias para el personal directivo pb︢lico espaǫl  |h [Recurso electrn̤ico] /  |c Ana Mara̕ Castaǫ Přez 
256 |a Servicio en ln̕ea 
260 |a Madrid:  |b Instituto Nacional de Administracin̤ Pb︢lica (INAP),  |c 2021 
300 |a 1 recurso electrn̤ico 
506 1 |a Disponible solo en los productos indicados  |d vLex Global  |d vLex Global (Academic Edition, excluding Law Schools)  |d vLex Global (U.S. Academic Edition, Law Schools)  |d vLex Global (U.S. Academic Edition, excluding Law Schools)  |d vLex Global (Academic Edition, Law Schools) 
650 0 4 |a Derecho Pb︢lico y Administrativo  |z Espaą 
740 0 |a vLex Libros (Servicio en ln̕ea) 
856 4 0 |u https://app.vlex.com/#/sources/35517  |z Acceso restringido 
942 |c BOOK 
999 0 |a Public and Administrative Law